Setting goals (Record no. 75712)
[ view plain ]
| 000 -LEADER | |
|---|---|
| fixed length control field | 01173cab a2200181 4500 |
| 001 - CONTROL NUMBER | |
| control field | L130577 |
| 008 - FIXED-LENGTH DATA ELEMENTS--GENERAL INFORMATION | |
| fixed length control field | 050815n2005 000 0 eng u |
| 035 ## - SYSTEM CONTROL NUMBER | |
| System control number | (Sirsi) u130577 |
| 041 ## - LANGUAGE CODE | |
| Language code of text/sound track or separate title | eng |
| 100 ## - MAIN ENTRY--PERSONAL NAME | |
| Personal name | Whalley, Chris |
| 245 ## - TITLE STATEMENT | |
| Title | Setting goals |
| 260 ## - PUBLICATION, DISTRIBUTION, ETC. | |
| Date of publication, distribution, etc. | 2005 |
| 490 ## - SERIES STATEMENT | |
| Series statement | Fire Prevention and Fire Engineers Journal |
| Volume/sequential designation | (395) August 2005, 21-23(3) |
| 520 ## - SUMMARY, ETC. | |
| Summary, etc. | Looks at safety improvements in sports stadia since the fire at Bradford and the Hillsborough disaster. Discusses the Taylor Report (ISBN 0101096224), and the government response. The creation of the Football Licensing Authority (FLA) in 1991, and their role in monitoring local authority performance in issuing safety certificates and outlines what is covered by the certificate. Mentions the creation of the Football Safety Officers' Association (FSOA), and it's Event and Match Day Safety Management Course. Also lists what is covered in the Stewarding at Football Grounds training package which is supported by the Football Association, FA Premier League, the FSOA and the FLA. |
| 590 ## - LOCAL NOTE (RLIN) | |
| Local note | IKA160805 |
| 690 ## - LOCAL SUBJECT ADDED ENTRY--TOPICAL TERM (OCLC, RLIN) | |
| Topical term or geographic name as entry element | MANAGEMENT-HEALTH AND SAFETY-FIRE SAFETY-FIRE SAFETY ENGINEERING |
| 942 ## - ADDED ENTRY ELEMENTS (KOHA) | |
| Suppress in OPAC | 0 |
| Withdrawn status | Lost status | Source of classification or shelving scheme | Damaged status | Not for loan | Home library | Current library | Shelving location | Date acquired | Total Checkouts | Full call number | Barcode | Date last seen | Copy number | Price effective from | Koha item type |
|---|---|---|---|---|---|---|---|---|---|---|---|---|---|---|---|
| Dewey Decimal Classification | London | London | Journal article | 15/08/2005 | L130577 | 130577-1001 | 06/08/2019 | 1 | 06/08/2019 | Journal article |